000 00333nam a2200145Ia 4500
005 20251222154429.0
008 251222s9999||||xx |||||||||||||| ||spa||
020 _a8402084524
082 _a863/H51
100 _aHicchcock, Alfred
245 0 _aProhibido a los Nerviosos
250 _a1ra.ed.
264 _bBruguera
942 _cLIB
999 _c36349
_d36349